Late night leisure developments under pressure (Record no. 74272)
[ view plain ]
| 000 -LEADER | |
|---|---|
| fixed length control field | 01261cab a2200253 4500 |
| 001 - CONTROL NUMBER | |
| control field | ABS67647 |
| 008 - FIXED-LENGTH DATA ELEMENTS--GENERAL INFORMATION | |
| fixed length control field | 040316n2004 000 0 eng u |
| 035 ## - SYSTEM CONTROL NUMBER | |
| System control number | (Sirsi) u125435 |
| 100 ## - MAIN ENTRY--PERSONAL NAME | |
| Personal name | Lotbiniere, N. |
| 245 ## - TITLE STATEMENT | |
| Title | Late night leisure developments under pressure |
| 260 ## - PUBLICATION, DISTRIBUTION, ETC. | |
| Date of publication, distribution, etc. | 2004 |
| 490 ## - SERIES STATEMENT | |
| Series statement | Property Forecast |
| Volume/sequential designation | 7 (2) February 2004, 8-10 (3) |
| 520 ## - SUMMARY, ETC. | |
| Summary, etc. | States that there is now growing evidence that local authorities are being put under pressure by local residents to the growing number of leisure establishments, particularly late night ones. Discusses the opportunities for night time leisure development against this increasingly difficult planning and licensing regime with advice on how to spot opportunities through the planning process in order to maximise the chance of planning consent. Also cites the example of a large number of successful appeals in favour of late night establishments in the City of Westminster, and Kensington and Chelsea. |
| 590 ## - LOCAL NOTE (RLIN) | |
| Local note | ABS |
| 650 ## - SUBJECT ADDED ENTRY--TOPICAL TERM | |
| Topical term or geographic name entry element | NIGHT CLUBS |
| 650 ## - SUBJECT ADDED ENTRY--TOPICAL TERM | |
| Topical term or geographic name entry element | LOCAL AUTHORITIES |
| 650 ## - SUBJECT ADDED ENTRY--TOPICAL TERM | |
| Topical term or geographic name entry element | KENSINGTON AND CHELSEA |
| 650 ## - SUBJECT ADDED ENTRY--TOPICAL TERM | |
| Topical term or geographic name entry element | WESTMINSTER CITY COUNCIL |
| 650 ## - SUBJECT ADDED ENTRY--TOPICAL TERM | |
| Topical term or geographic name entry element | LEISURE DEVELOPMENTS |
| 650 ## - SUBJECT ADDED ENTRY--TOPICAL TERM | |
| Topical term or geographic name entry element | UDPS |
| 650 ## - SUBJECT ADDED ENTRY--TOPICAL TERM | |
| Topical term or geographic name entry element | PLANNING |
| 690 ## - LOCAL SUBJECT ADDED ENTRY--TOPICAL TERM (OCLC, RLIN) | |
| Topical term or geographic name as entry element | LEISURE AND RECREATION |
| 942 ## - ADDED ENTRY ELEMENTS (KOHA) | |
| Suppress in OPAC | 0 |
| Withdrawn status | Lost status | Source of classification or shelving scheme | Damaged status | Not for loan | Home library | Current library | Shelving location | Date acquired | Total Checkouts | Full call number | Barcode | Date last seen | Copy number | Price effective from | Koha item type |
|---|---|---|---|---|---|---|---|---|---|---|---|---|---|---|---|
| Dewey Decimal Classification | London | London | Journal article | 16/03/2004 | ABS67647 | 125435-1001 | 06/08/2019 | 1 | 06/08/2019 | Journal article |